Calcio - Trasferimenti più costosi di sempre Serie A - Statistics

Statistiche generali
  • Questo quiz è stato fatto 1.274 volte
    459 dall'ultimo reset
  • Il punteggio medio è 39 su 51
Statistiche sulle risposte
Posizione Calciatore Da... A... Cifra spesa (in euro) Anno % Corretto
1 Cristiano Ronaldo Real Madrid Juventus 117 milioni 2018
100%
4 Gonzalo Higuaín Napoli Juventus 90 milioni 2016
98%
38 Ronaldo Inter Real Madrid 45 milioni 2002
97%
2 Romelu Lukaku Inter Chelsea 113 milioni 2021
96%
11 Romelu Lukaku Manchester United Inter 74 milioni 2019
96%
3 Paul Pogba Juventus Manchester United 105 milioni 2016
95%
6 Dušan Vlahović Fiorentina Juventus 83,5 milioni 2022
94%
5 Matthijs de Ligt Ajax Juventus 85,5 milioni 2019
94%
16 Matthijs de Ligt Juventus Bayern Monaco 67 milioni 2022
94%
8 Victor Osimhen Lille Napoli 77,5 milioni 2020
93%
10 Victor Osimhen Napoli Galatasaray 75 milioni 2025
93%
14 Mateo Retegui Atalanta Al-Qadsiah 68,25 milioni 2025
90%
20 Sandro Tonali Milan Newcastle United 64 milioni 2023
89%
19 Edinson Cavani Napoli PSG 64,5 milioni 2013
88%
46 Mohamed Salah Roma Liverpool 42 milioni 2017
88%
15 Achraf Hakimi Inter PSG 68 milioni 2021
86%
44 Achraf Hakimi Real Madrid Inter 43 milioni 2020
86%
42 Federico Chiesa Fiorentina Juventus 44,6 milioni 2022
86%
27 Gianluigi Buffon Parma Juventus 52,88 milioni 2001
85%
12 Rasmus Højlund Atalanta Manchester United 73,9 milioni 2023
85%
7 Arthur Barcellona Juventus 80,6 milioni 2020
84%
21 Alisson Roma Liverpool 62,5 milioni 2018
83%
8 Zinédine Zidane Juventus Real Madrid 77,5 milioni 2001
83%
26 Teun Koopmeiners Atalanta Juventus 54,7 milioni 2024
82%
13 Zlatan Ibrahimović Inter Barcellona 69,5 milioni 2009
82%
31 Min-jae Kim Napoli Bayern Monaco 50 milioni 2023
81%
35 Bremer Torino Juventus 46,9 milioni 2022
79%
16 Kaká Milan Real Madrid 67 milioni 2009
79%
37 Riccardo Calafiori Bologna Arsenal 45 milioni 2024
79%
24 Tijjani Reijnders Milan Manchester City 55 milioni 2025
79%
29 Douglas Luiz Aston Villa Juventus 51,5 milioni 2024
78%
18 João Cancelo Juventus Manchester City 65 milioni 2019
77%
46 Leonardo Bonucci Juventus Milan 42 milioni 2017
76%
46 Joshua Zirkzee Bologna Manchester United 42,5 milioni 2024
74%
22 Miralem Pjanic Juventus Barcellona 60 milioni 2020
73%
33 Rafael Leão Lille Milan 49,5 milioni 2019
69%
28 Cristian Romero Atalanta Tottenham 52 milioni 2022
68%
30 André Onana Inter Manchester United 50,2 milioni 2023
66%
46 Javier Pastore Palermo PSG 42 milioni 2011
65%
25 Hernán Crespo Parma Lazio 55 milioni 2000
64%
46 Thiago Silva Milan PSG 42 milioni 2012
61%
41 João Mário Sporting Lisbona Inter 44,78 milioni 2016
60%
23 Jorginho Napoli Chelsea 57 milioni 2018
60%
32 Mauro Icardi Inter PSG 50 milioni 2020
59%
36 Christian Vieri Lazio Inter 46,48 milioni 1999
58%
38 Pavel Nedved Lazio Juventus 45 milioni 2001
58%
38 Hirving Lozano PSV Napoli 45 milioni 2019
57%
46 Patrik Schick Sampdoria Roma 42 milioni 2018
55%
43 Andriy Shevchenko Milan Chelsea 43,88 milioni 2006
48%
45 Juan Sebastián Verón Lazio Manchester United 42,6 milioni 2001
39%
34 Gaizka Mendieta Valencia Lazio 48 milioni 2001
24%
Nessun quiz corrispondente trovato
Distribuzione punteggi
Percentuale di utenti per punteggio
Percentile per numero di risposta
I tuoi punteggi nel tempo
Non hai fatto questo quiz dall'ultimo reset